Introduction to data structures and algorithms with C++ (Record no. 6012)
[ view plain ]
| 000 -LEADER | |
|---|---|
| fixed length control field | 00515 a2200157 4500 |
| 020 ## - INTERNATIONAL STANDARD BOOK NUMBER | |
| International Standard Book Number | 8120312775 |
| 040 ## - CATALOGING SOURCE | |
| Original cataloging agency | DLC |
| Language of cataloging | DLC |
| 082 ## - DEWEY DECIMAL CLASSIFICATION NUMBER | |
| Classification number | 005.133 |
| 100 ## - MAIN ENTRY--PERSONAL NAME | |
| Personal name | Rowe, Glenn . |
| 245 ## - TITLE STATEMENT | |
| Title | Introduction to data structures and algorithms with C++ |
| Statement of responsibility, etc. | Glenn Rowe |
| 260 ## - PUBLICATION, DISTRIBUTION, ETC. | |
| Place of publication, distribution, etc. | New Delhi: |
| Name of publisher, distributor, etc. | Prentice Hall, |
| Date of publication, distribution, etc. | c1976. |
| 300 ## - PHYSICAL DESCRIPTION | |
| Extent | xiv, 370 p. ; |
| Dimensions | 24 cm. |
| 500 ## - GENERAL NOTE | |
| General note | Includes Index |
| 650 ## - SUBJECT ADDED ENTRY--TOPICAL TERM | |
| Topical term or geographic name entry element | 1.C++ (Computer program language).2.Computer algorithms..3.Data structures (Computer science). |
| 942 ## - ADDED ENTRY ELEMENTS (KOHA) | |
| Koha item type | Book |
| Call number prefix | 005.133 ROW |
| Source of classification or shelving scheme | |
| Withdrawn status | Lost status | Damaged status | Not for loan | Collection code | Permanent Location | Current Location | Shelving location | Date acquired | Source of acquisition | Cost, normal purchase price | Total Checkouts | Full call number | Barcode | Checked out | Date last seen | Date last checked out | Price effective from | Koha item type |
|---|---|---|---|---|---|---|---|---|---|---|---|---|---|---|---|---|---|---|
| Central Library (CL) | Central Library (CL) | First Floor - Software Engineering/ Programming Language | 07/31/2003 | Pak Book Corporation | 189.97 | 3 | 005.133 ROW | SEECS003699 | 10/19/2019 | 09/19/2019 | 09/19/2019 | 01/05/2017 | Book | |||||
| Central Library (CL) | Central Library (CL) | First Floor - Software Engineering/ Programming Language | 07/31/2003 | Pak Book Corporation | 189.97 | 3 | 005.133 ROW | SEECS003698 | 01/06/2020 | 09/30/2019 | 01/05/2017 | Book | ||||||
| Central Library (CL) | Central Library (CL) | First Floor - Software Engineering/ Programming Language | 07/31/2003 | Pak Book Corporation | 189.97 | 2 | 005.133 ROW | SEECS003697 | 02/06/2022 | 09/19/2019 | 01/05/2017 | Book |
